书目信息 |
| 题名: |
数据结构
|
|
| 作者: | 袁蒲佳 编著 | |
| 分册: | ||
| 出版信息: | 武汉 华中理工大学出版社 1991.7 |
|
| 页数: | 279页 | |
| 开本: | 26cm | |
| 丛书名: | ||
| 单 册: | ||
| 中图分类: | TP311.12 | |
| 科图分类: | 73.87221 | |
| 主题词: | 数据结构--专业学校--教材 | |
| 电子资源: | ||
| ISBN: | 7-5609-0585-4 | |
| 000 | 00836nam0 2200253 45 | |
| 001 | 0192003746 | |
| 005 | 20070725102108.50 | |
| 010 | @a7-5609-0585-4@dCNY15.00 | |
| 100 | @a19920225d1991 em y0chiy0121 ea | |
| 101 | 0 | @achi |
| 102 | @aCN@b420000 | |
| 105 | @ay j 000yy | |
| 200 | 10 | @a数据结构@ASHU JU JIE GOU@f袁蒲佳等编著@FYUAN PU JIA DENG BIAN ZHU |
| 210 | @a武汉@c华中理工大学出版社@d1991.7@h1996 | |
| 215 | @a279页@d26cm | |
| 300 | @a计算机大专系列教材 | |
| 330 | @a本书共分8章,介绍了各种典型数据结构的特点和各种运算的原理与方法,主要内容包括线性表、串树、图、查找、排序与文件组织。 | |
| 540 | 1 | @a数据 结构@ASHU JU JIE GOU |
| 606 | @a数据结构@x专业学校@x教材 | |
| 690 | @aTP311.12@v三版 | |
| 692 | @a73.87221 | |
| 701 | 0 | @a袁蒲佳@AYUAN PU JIA@4编著 |
| 801 | 0 | @aCN@bTSSF@c20070725 |
| 905 | @a10447@dTP311.12@e440 | |
| 数据结构/袁蒲佳等编著.-武汉:华中理工大学出版社,1991.7(1996) |
| 279页;26cm |
| 计算机大专系列教材 |
| ISBN 7-5609-0585-4:CNY15.00 |
| 本书共分8章,介绍了各种典型数据结构的特点和各种运算的原理与方法,主要内容包括线性表、串树、图、查找、排序与文件组织。 |
| ● |
| 相关链接 |
|
|
|
|
正题名:数据结构
索取号:TP311.12/440
 
预约/预借
| 序号 | 登录号 | 条形码 | 馆藏地/架位号 | 状态 | 备注 |
| 1 | 0766366 | 207663660 | 第二样本阅览室/ [索取号:TP311.12/440] | 在馆 |